000 00833nam a22002657a 4500
005 20170124110220.0
010 _aB-083123
020 _c275.00
035 _aB-083123
037 _bCen Lib/ Ret
040 _aDPL
_bEN
082 _a336.24
_bSIN
100 _aSinghania, Vinod K.
_912242
245 _aStudents' guide to income tax :
_cby Vinod K. Singhania [and] Monica Singhania
_bincluding central sales tax /
250 _a31 rev. ed
260 _aNew Delhi
_bTaxman Publications
_c1982
270 _bNew Delhi
_a59/32, new rohtak road
_e110005
300 _axv, 1077p.
_c23cm(Hb)
490 _a490-Taxman series
500 _aIncludes appendix
650 _aLaw
_xIncome tax
_939595
650 _aSales tax
_911880
700 _aSinghania, Monica
_916902
942 _2ddc
_cEN
_h336.24
_mSIN
999 _c134035
_d134035